| 000 | 00612nam a2200205 a 4500 | ||
|---|---|---|---|
| 005 | 20140310183455.0 | ||
| 008 | 090807s19uu xx 00 eng d | ||
| 020 | _a9781576753170 | ||
| 050 |
_aHD 57.7 _b.W456 2007 |
||
| 100 | _aWheatley, Margaret J. | ||
| 245 |
_aFinding our way leadership for uncertain time / _cMargaret J.Wheatley |
||
| 260 |
_aSan Francisco : _bBerrett-Koehler Publishers, Inc, _c2007. |
||
| 300 |
_a297 p. : _bill. ; _c24 cm. |
||
| 521 | _aBSBA | ||
| 650 | _aLeadership. | ||
| 650 | _aOrganizational change. | ||
| 650 | _aSocial values. | ||
| 942 |
_cBK _2lcc _kFOR |
||
| 999 |
_c23578 _d23578 |
||